Eastern Utah Libraries Catalog: Duchesne, Heber, Roosevelt, & Vernal

Pool party / (Record no. 373968)

MARC details
000 -LEADER
fixed length control field 02319pam a2200589 i 4500
001 - CONTROL NUMBER
control field 3253983
005 - DATE AND TIME OF LATEST TRANSACTION
control field 20220525174722.0
008 - FIXED-LENGTH DATA ELEMENTS--GENERAL INFORMATION
fixed length control field 210916s2022 caua b 000 1 eng
010 ## - LIBRARY OF CONGRESS CONTROL NUMBER
LC control number 2021040004
020 ## - INTERNATIONAL STANDARD BOOK NUMBER
International Standard Book Number 9781951836412
Qualifying information (hardcover) :
Terms of availability $16.99
020 ## - INTERNATIONAL STANDARD BOOK NUMBER
International Standard Book Number 1951836413 :
Terms of availability $16.99
020 ## - INTERNATIONAL STANDARD BOOK NUMBER
Cancelled/invalid ISBN 9781647007201
Qualifying information (ebook)
035 ## - SYSTEM CONTROL NUMBER
System control number (OCoLC)1268543748
035 ## - SYSTEM CONTROL NUMBER
System control number (OCoLC)on1268543748
035 ## - SYSTEM CONTROL NUMBER
System control number 3234910
040 ## - CATALOGING SOURCE
Original cataloging agency DLC
Language of cataloging eng
Description conventions rda
Transcribing agency DLC
042 ## - AUTHENTICATION CODE
Authentication code pcc
-- lcac
050 00 - LIBRARY OF CONGRESS CALL NUMBER
Classification number PZ8.3.D8527
Item number Po 2022
082 00 - DEWEY DECIMAL CLASSIFICATION NUMBER
Classification number [E]
Edition number 23
084 ## - OTHER CLASSIFICATION NUMBER
Classification number JUV032060
-- JUV051000
Source of number bisacsh
092 ## - LOCALLY ASSIGNED DEWEY CALL NUMBER (OCLC)
Classification number children picture books
Item number Duchêne
100 1# - MAIN ENTRY--PERSONAL NAME
Personal name Duchêne, Amy,
Relator term author.
9 (RLIN) 6448734
245 10 - TITLE STATEMENT
Title Pool party /
Statement of responsibility, etc by Amy Duchêne & Elisa Parhad ; art by Anne Bentley.
264 #1 - Production, Publication, Distribution, Manufacture, and Copyright Notice.
Place of production, publication, distribution, manufacture Petaluma, California :
Name of producer, publisher, distributor, manufacturer Cameron Kids,
Date of production, publication, distribution, manufacture, or copyr 2022.
300 ## - PHYSICAL DESCRIPTION
Extent 1 volume (unpaged) :
Other physical details color illustrations ;
Dimensions 22 x 28 cm
336 ## - Content Type
Content type term text
336 ## - Content Type
Content type term still image
337 ## - Media type
Media type term unmediated
338 ## - Carrier type
Carrier type term volume
520 ## - SUMMARY, ETC.
Summary, etc With swimsuits, splashes, and cannonballs, time in the pool means fun for all!
521 ## - TARGET AUDIENCE NOTE
Target audience note Ages 4-8.
Source Cameron Kids.
521 1# - TARGET AUDIENCE NOTE
Target audience note 3-8
Source Brodart.
521 2# - TARGET AUDIENCE NOTE
Target audience note P-3
Source Brodart.
650 #1 - SUBJECT ADDED ENTRY--TOPICAL TERM
Topical term or geographic name as entry element Stories in rhyme.
650 #1 - SUBJECT ADDED ENTRY--TOPICAL TERM
Topical term or geographic name as entry element Swimming pools
Form subdivision Fiction.
9 (RLIN) 6386245
650 #1 - SUBJECT ADDED ENTRY--TOPICAL TERM
Topical term or geographic name as entry element Swimming
Form subdivision Fiction.
9 (RLIN) 5706343
650 #7 - SUBJECT ADDED ENTRY--TOPICAL TERM
Topical term or geographic name as entry element JUVENILE FICTION / Sports & Recreation / Water Sports
Source of heading or term bisacsh
9 (RLIN) 5915042
650 #7 - SUBJECT ADDED ENTRY--TOPICAL TERM
Topical term or geographic name as entry element JUVENILE FICTION / Imagination & Play
Source of heading or term bisacsh
9 (RLIN) 5717453
650 #0 - SUBJECT ADDED ENTRY--TOPICAL TERM
Topical term or geographic name as entry element Swimming pools
Form subdivision Juvenile fiction.
9 (RLIN) 5707910
650 #0 - SUBJECT ADDED ENTRY--TOPICAL TERM
Topical term or geographic name as entry element Swimming
Form subdivision Juvenile fiction.
9 (RLIN) 5684672
655 #7 - INDEX TERM--GENRE/FORM
Genre/form data or focus term Picture books.
Source of term lcgft
655 #7 - INDEX TERM--GENRE/FORM
Genre/form data or focus term Stories in rhyme.
Source of term lcgft
700 1# - ADDED ENTRY--PERSONAL NAME
Personal name Parhad, Elisa,
Relator term author.
9 (RLIN) 6448735
700 1# - ADDED ENTRY--PERSONAL NAME
Personal name Bentley, Anne,
Relator term illustrator.
9 (RLIN) 6448736
942 ## - ADDED ENTRY ELEMENTS (KOHA)
Source of classification or shelving scheme Dewey Decimal Classification
Koha item type BOOK
Holdings
Withdrawn status Lost status Source of classification or shelving scheme Damaged status Not for loan Collection code Home library Current library Shelving location Date acquired Source of acquisition Total Checkouts Total Renewals Full call number Barcode Date last seen Date checked out Cost, replacement price Price effective from Koha item type
    Dewey Decimal Classification     Children Picture Books Wasatch County Library Wasatch County Library Main Floor Childrens Area 05/25/2022 KidsReference 16 9 E Duchêne 34301001844515 08/25/2025 08/23/2025 16.99 05/25/2022 BOOK
This project was made possible through a grant from the Institute of Museum and Library Service administered by the Utah State Library Division.

Wasatch County Library

  • 465 East 1200 South, Heber City, Utah 84032
  • Phone 435-654-1511 | Fax 435-654-6456

Hours

  • Monday - Friday 9:30 AM - 8:00 PM
  • Saturday 9:30 AM - 1:30 PM
  • Closed Sundays and Holidays